00289nam a2200121Ia 4500008004000000041000800040082001200048100001800060245001600078260005300094650001100147650000900158210210b1960 xxu||||| |||| 00| 0 eng d aeng a822/889 aNARAYAN (R K) aNext sunday aBombaybPearl Publications Private Limitedc1960 asunday aNext